| 000 | 01058nam a22003497a 4500 | ||
|---|---|---|---|
| 001 | 1935132 | ||
| 003 | OSt | ||
| 005 | 20210426113932.0 | ||
| 008 | 860904s1987 nyuabc b 001 0 eng | ||
| 010 | _a 86045669 | ||
| 020 | _a006015702X | ||
| 040 |
_aDLC _cDLC _dDLC _beng |
||
| 041 | _aeng | ||
| 043 | _an-us--- | ||
| 050 | 0 | 0 |
_aKF4520 _b.M44 1987 |
| 080 |
_a94 _bM-47 |
||
| 082 | 0 | 0 |
_a342.73/029 _a347.30229 _219 |
| 100 | 1 | _aMee, Charles L. | |
| 245 | 1 | 4 |
_aThe genius of the people / _cCharles L. Mee, Jr. _b/ by: Harper and Row Publishers |
| 250 | _a1st edition | ||
| 260 |
_aNew York : _bHarper and Row Publishers _cc1987. |
||
| 300 |
_axi, 348 p. : _bill., maps, ports. ; _c25 cm. |
||
| 365 | _b19.95 usd | ||
| 500 | _aIncludes index. | ||
| 504 | _aBibliography: p. 329-336. | ||
| 610 | 1 | 0 |
_aUnited States. _bConstitutional Convention _d(1787) |
| 650 | 0 |
_aConstitutional history _zUnited States. |
|
| 650 | 0 |
_aHistory _9252 |
|
| 653 | _aისტორია | ||
| 906 |
_a7 _bcbc _corignew _d1 _eocip _f19 _gy-gencatlg |
||
| 942 |
_2udc _cBK _e1 |
||
| 999 |
_c997 _d997 |
||